Statistics for Country leaders quiz #1

Click here to take the quiz!

General Stats

  • This quiz has been taken 9 times
  • The average score is 8 of 15

Answer Stats

HintAnswer% Correct
FranceEmmanuel Macron
100%
United States of AmericaJoe Biden
100%
CanadaJustin Trudeau
100%
United KingdomRishi Sunak
100%
RussiaVladimir Putin
100%
ChinaXi Jinping
75%
BrazilLuiz Inacio Lula Da Silva
63%
GermanyOlaf Scholz
63%
SpainPedro Sanchez
38%
MexicoLopez Obrador
25%
NetherlandsMark Rutte
25%
BelgiumAlexander De Croo
13%
JapanFumio Kishida
13%
ItalySergio Mattarella
13%
AustraliaAnthony Albanese
0%

Score Distribution

Percentile by Number Answered

Percent of People with Each Score

Your Score History

You have not taken this quiz